| 000 | 00801npm a2200157 4500 | ||
|---|---|---|---|
| 003 | OSt | ||
| 005 | 20250405161440.0 | ||
| 008 | 250311b |||||||| |||| 00| 0 fre d | ||
| 040 | _cautismepaimpol.fr | ||
| 100 | _qSpeechmark | ||
| 245 | _aPairs Plus Colorcards - Association de sens | ||
| 246 | _aOutil pédagogique extrêmement adaptable conçu pour aider à développer à la fois les compétences linguistiques et sociales. | ||
| 520 | _aLes cartes montrent 12 scènes avec 2 éléments spécifiques à identifier et à discuter. 3 cartes pour chaque scène traitant les thèmes suivant : sur la plage, football, se promener avec le chien, dans la piscine, un œuf cuit dur pour le petit déjeuner, visite de cinéma et train de voyage. | ||
| 562 | _dContenu: 36 cartes format A5 | ||
| 942 | _cMATP | ||
| 999 |
_c147 _d147 |
||